000 00255nam a2200109Ia 4500
008 170627s9999 xx 000 0 und d
100 _aSEKARAN- UMA
245 0 _aORGANIZATIONAL BEHAVIOUR
260 _bTMH
260 _c2004
546 _aENGLISH
690 _aORGANIZATIONAL BEHAVIOUR
999 _c35310
_d35310